Once Upon a Time Characters - Statistics

General Stats
  • This quiz has been taken 163 times
  • The average score is 14 of 20
Answer Stats
Hint Answer % Correct
The Evil Queen Regina Mills
99%
The saviour Emma Swan
97%
The son of the saviour Henry Mills
97%
The fairy tale name of Mary Margaret Blanchard Snow White
96%
The true love of Rumplestiltskin Belle
93%
The husband of the saviour Hook/Killian Jones
89%
The cursed name of Rumplestiltskin Mr Gold
87%
The fairy tale name of August Wayne Booth Pinnocchio
84%
The cursed name of Prince Charming David Nolan
81%
The cursed name of the character who can change into a wolf Ruby
72%
The sister of the above Zelena/Wicked Witch of the West
69%
The father of the above Neal Cassidy/Baelfire
67%
The later name of the dwarf initially named Dreamy Grumpy
63%
The fairy tale name of Dr Whale Dr Victor Frankenstein
57%
The fairy tale name of Mother Superior Blue Fairy/Reul Ghorm
54%
The fairy tale character of the Sherriff Huntsman
47%
The cursed name of the Magic Mirror/Genie Sydney Glass
46%
The name of their son Gideon
40%
The cursed name of Princess Abigail Kathryn Nolan
30%
The cursed name of Gepetto Marco
29%
No matching quizzes found
Score Distribution
Percent of People with Each Score
Percentile by Number Answered
Your Score History
You have not taken this quiz